| 000 | 00663nam a2200193 a 4500 | ||
|---|---|---|---|
| 008 | 120416s1995 ||||||||||||||||| || u | ||
| 020 | _a0750622377 | ||
| 050 | _aHF 5415 Hill | ||
| 100 | _aHill, Elizabeth | ||
| 245 | 1 | 0 | _aCreative arts marketing |
| 260 |
_aOxford _bBUTTERWORTH HEINEMANN _c1995. |
||
| 300 | _axiv, 368p. : ill. | ||
| 350 | _a0.00 | ||
| 500 | _aBibliography. | ||
| 650 | _aTEXTBOOKS | ||
| 650 | 0 | _aMARKETING--MANAGEMENT--CASE STUDIES | |
| 700 | _aO'Sullivan, Terry | ||
| 995 |
_D0.00 _FCBU-MAIN LIBRARY (Kitwe) _H1 _I22.99 _M1 _UAVAILABLE _WJul 19, 2006 _ZMain Library Open Access Collection |
||
| 999 |
_c39139 _d39139 |
||